Die ersten Nachkriegsjahre

Titel: Die ersten Nachkriegsjahre
Verfasser:
In: Seliger-Gemeinde: Sudeten-Jahrbuch der Seliger-Gemeinde, Band 45 (1996), Seite 59-69, Abb.
alle Artikel anzeigen
Veröffentlicht: 1996 [1995]
Format: Aufsatz
Sprache: Deutsch
Kein Bild verfügbar
X
alg: 39207033
001A    $01999:11-11-16 
001B    $01999:29-03-21 $t21:47:41.000 
001D    $01999:11-11-16 
001U    $0utf8 
001X    $00 
002@    $0Aox 
003@    $0392070332 
007A    $0392070332 $aHEB 
007T    $0Herd05117 
010@    $ager 
011@    $a1996 $n1996 [1995] 
021A    $aDie @ersten Nachkriegsjahre 
028A    $aWerner $dEmil 
031A    $d45 $h59-69, Abb. $j1996 
037A    $aBetr. Sudetendeutsche 
039B    $aIn $8--Abvc--Seliger-Gemeinde [Tb1]. Sudeten-Jahrbuch der Seliger-Gemeinde. - München : Die Brücke, 1952-2003 $x199600000450000941 $9047713011 
045F    $a900.943710904 $eDDC23BSB 
045F/01 $a900 
045F/03 $f0904 
045F/03 $g4371 

lok: 39207033 78

exp: 39207033 78 1 #EPN
201B/01 $026-11-17 $t00:55:02.000 
201U/01 $0utf8 
203@/01 $0788166328 
208@/01 $a11-11-16 $be 
209A/01 $a/ $f000 $x00 
220C/01 $aTitelaufnehmer: rk 
244Z/01 $#Tschechien $#Tschechische Republik $#Tschechische Republik $#Tschechenland $#Tschechei Tschechien $#Česká Republika $#Czech Republic $#ČR $74303381-7 $8--Tg1--Tschechien $x01 $9086659812 
244Z/01 $2Trx $#Böhmen $#Bohemia $#Czechy $8--Trx--Čechy $x02 $9391188941 
244Z/01 $aGeschichte 1945-1949 $x03 
244Z/01 $2Trx $#pagendamine ümberasustamine 1938-1950 $#perkėlimai iškėlimai 1938-1950 $#expulsion resettlement 1938-1950 $#ethnic cleansing $#kiűzés áttelepítés 1938-1950 $#przesiedlenia wysiedlenia 1938-1950 $#odsun presídlenie 1938-1950 $#odsun přesídlení 1938-1950 $#Umsiedlung 1938-1950 $#wysiedlenia $#presídlenie 1938-1950 $8--Trx--Vertreibung$xUmsiedlung$g1938-1950 $x04 $9391362763 
244Z/01 $2Trx $#pagendamine ümberasustamine 1938-1950 $#perkėlimai iškėlimai 1938-1950 $#expulsion resettlement 1938-1950 $#ethnic cleansing $#kiűzés áttelepítés 1938-1950 $#przesiedlenia wysiedlenia 1938-1950 $#odsun presídlenie 1938-1950 $#odsun přesídlení 1938-1950 $#Umsiedlung 1938-1950 $#wysiedlenia $#presídlenie 1938-1950 $8--Trx--Vertreibung$xUmsiedlung$g1938-1950 $x05 $9391362763 
244Z/01 $2Trx $#sudeedisakslased $#Sudetų vokiečiai $#Sudeto-Germans $#szudéta német $#Niemcy Sudeccy $#Nemci sudetskí $#Němci sudetští $8--Trx--Sudetendeutsche $x06 $9391356666 
244Z/01 $2Trx $8--Trx--Zeitschriftenaufsatz $x07 $9391384341 
245Z/01 $a06.04.04 $x01 
247C/01 $82080>Marburg/Lahn, Herder-Institut, Forschungsbibliothek, Bibliographieportal $9336309341
LEADER 00000caa a22000002c 4500
001 392070332
003 DE-603
005 20210329214741.0
007 tu
008 161111s1996 xx |||| | u00||u|ger c
035 |a (DE-599)HEB392070332 
040 |a DE-603  |b ger  |c DE-603  |d DE-603 
041 |a ger 
082 0 4 |8 1\u  |a 900.943710904  |q DE-101  |2 23/BSB 
085 |8 1\u  |b 900 
085 |8 1\u  |z 1  |s 0904 
085 |8 1\u  |z 2  |s 4371 
100 1 |a Werner, Emil 
245 0 0 |a ˜Dieœ ersten Nachkriegsjahre 
264 0 |c 1996 [1995] 
500 |a Betr. Sudetendeutsche 
773 0 8 |i In  |a Seliger-Gemeinde  |t Sudeten-Jahrbuch der Seliger-Gemeinde  |d München : Die Brücke, 1952-2003  |h 21 cm  |g Band 45 (1996), Seite 59-69, Abb.  |w (DE-603)047713011  |w (DE-600)511910-8 
924 0 |9 2080  |a (DE-603)788166328  |b DE-2080  |c HES  |d d  |g /